Music Quiz

Random Music or Bands Quiz

Village People Costumes Quiz Stats

Quiz Updated Nov 29, 2016

Challenge
Share
Tweet
Embed
Score 0/6 Timer 02:00
8 Plays Today
Performer Costume % Correct
Felipe RoseNative American
95.8%
Victor Williscop
95.4%
David Hodoconstruction worker
80.9%
Randy Jonescowboy
55.8%
Alex Brileysoldier
53.9%
Glenn Hughesbiker
43%

You're not logged in!

Compare scores with friends on all Sporcle quizzes.
Join for Free
OR
Log In

You Might Also Like...

Show Comments

Extras

Top Quizzes Today


Score Distribution

Your Account Isn't Verified!

In order to create a playlist on Sporcle, you need to verify the email address you used during registration. Go to your Sporcle Settings to finish the process.

Report this User

Report this user for behavior that violates our Community Guidelines.

Details: